| 000 | 00671nam a2200217Ia 4500 | ||
|---|---|---|---|
| 003 | GCL | ||
| 008 | 140319s9999 xx 000 0 ara d | ||
| 020 | _a404729997 | ||
| 040 |
_aGCL / _cGCL |
||
| 082 | 0 | 4 |
_a370.19 _bم ت |
| 100 | 1 | _aسيد ابراهيم الجيار | |
| 245 | 1 | 0 |
_aالتربية ومشكلات المجتمع : _bمجموعه دراسات / _cسيد ابراهيم الجيار |
| 260 |
_aالقاهرة : _bمكتبة غريب |
||
| 300 |
_a175 ص ؛ _c24 سم |
||
| 490 | _a | ||
| 650 | 0 | 4 | _aالعالم العربى |
| 650 | 0 | 4 | _aالتربية |
| 650 | 0 | 4 | _aالتعليم الثانوى |
| 650 | 0 | 4 | _aالتدريس |
| 942 |
_2ddc _cBK |
||
| 999 |
_c34449 _d34449 |
||